000 00669nam a2200289Ia 4500
005 20260324141458.0
008 008 260324s9999 xx 000 0 eng d
020 _a9780429126086
037 _aEBOOK
040 _aCRL
040 _beng
040 _cCRL
041 _2eng
041 _aeng
084 _qCRL
100 _aWilliam Jones
_9630264
245 0 _aOrganic Molecular Solids
245 0 _bProperties and Applications
260 _bTaylor and Francis
260 _c1997
365 _a
365 _b680
856 _uhttp://www.taylorfrancis.com/books/9780429126086
942 _cEBOOK
999 _c1811480
_d1811480